[Event "?"]
[Site "ICS rated blitz match, 164.58"]
[Date "1997.??.??"]
[Round "?"]
[White "Brause"]
[Black "Kriton"]
[Result "1-0"]
[WhiteElo "2285"]
[BlackElo "2840"]
[PlyCount "27"]

1. e4 e5 2. Nf3 Nc6 3. Nc3 Nf6 4. Nxe5 Nxe5 5. d4 Nc6 6. d5 Ne5 7. f4 Ng6 8. e5
Ng8 9. d6 cxd6 10. exd6 Qb6 11. Qe2+ Kd8 12. f5 Nh4 13. Qg4 Bxd6 14. Qxg7 1-0

[Event "?"]
[Site "ICS rated blitz match, 164.58"]
[Date "1997.??.??"]
[Round "?"]
[White "Brause"]
[Black "blixt"]
[Result "1-0"]
[WhiteElo "2285"]
[BlackElo "1890"]
[PlyCount "127"]

1. e4 e5 2. Nf3 Nc6 3. Nc3 Nf6 4. Nxe5 Nxe5 5. d4 Ng6 6. e5 Ng8 7. Bc4 Bb4 8.
Qf3 Qe7 9. O-O Bxc3 10. bxc3 Nh6 11. g3 O-O 12. Qh5 c6 13. Bxh6 gxh6 14. f4 d5
15. Bd3 f5 16. Qxh6 Be6 17. g4 Rf7 18. h3 Raf8 19. c4 Qh4 20. Qxh4 Nxh4 21.
cxd5 Bxd5 22. c4 Be4 23. Bxe4 fxe4 24. f5 Nf3+ 25. Kh1 Nxd4 26. Rae1 Nxf5 27.
gxf5 Rxf5 28. Rxf5 Rxf5 29. Rxe4 Kf7 30. c5 Ke6 31. Rh4 Rf7 32. Rh5 Re7 33. Kg2
Kd5 34. Kf3 Rxe5 35. Rxh7 Kxc5 36. Rxb7 a5 37. Kf4 Rh5 38. Kg4 Rd5 39. Rb2 Kc4
40. Rc2+ Kb5 41. h4 c5 42. h5 a4 43. h6 Rd1 44. Rh2 Rg1+ 45. Kh5 Rg8 46. h7 Rh8
47. Kh6 Kb4 48. Kg7 Rxh7+ 49. Rxh7 Ka3 50. Rh4 Kxa2 51. Rxa4+ Kb3 52. Ra5 c4
53. Rb5+ Kc2 54. Kf6 c3 55. Ke5 Kd1 56. Rd5+ Kc1 57. Kd4 c2 58. Kc3 Kb1 59.
Rb5+ Kc1 60. Rb2 Kd1 61. Rxc2 Ke1 62. Kd3 Kf1 63. Ke3 Ke1 64. Rc1# 1-0

[Event "?"]
[Site "ICS rated blitz match, 164.58"]
[Date "1997.??.??"]
[Round "?"]
[White "Brause"]
[Black "oldtimer"]
[Result "1-0"]
[WhiteElo "2280"]
[BlackElo "2190"]
[PlyCount "127"]

1. e4 e5 2. Nf3 Nc6 3. Nc3 Nf6 4. Nxe5 Nxe5 5. d4 Ng6 6. e5 Ng8 7. Bc4 d5 8.
Bxd5 c6 9. Be4 f5 10. Bf3 Bb4 11. O-O N8e7 12. Na4 Be6 13. c3 Ba5 14. Nc5 Qc8
15. Nxe6 Qxe6 16. b4 Bc7 17. b5 O-O 18. Bg5 h6 19. bxc6 bxc6 20. Bc1 Rfd8 21.
Qc2 Rab8 22. Ba3 Bb6 23. Bd6 Rb7 24. Rab1 Rbd7 25. Rfd1 Nh4 26. Be2 Qd5 27. Bf1
Rxd6 28. exd6 Qxd6 29. Bc4+ Kh8 30. Qd3 Nd5 31. g3 Ng6 32. Bxd5 Qxd5 33. Qc2
Qf3 34. Rd2 Re8 35. Qd1 Qe4 36. Rbb2 Qe1+ 37. Qxe1 Rxe1+ 38. Kg2 Rc1 39. Rdc2
Rd1 40. Re2 Kg8 41. Re6 Kf7 42. Rxc6 Ne7 43. Rd6 Rd3 44. Re2 f4 45. Re4 f3+ 46.
Kh3 Ke8 47. Rde6 Bd8 48. Re3 Rd2 49. Rxf3 Rxa2 50. d5 Kd7 51. Rf7 Rc2 52. Rxg7
Rxc3 53. Rxh6 Rd3 54. f4 Rxd5 55. Kg4 Rd6 56. Rxd6+ Kxd6 57. h4 a5 58. h5 Nd5
59. h6 Bf6 60. Ra7 Bc3 61. h7 a4 62. Ra6+ Kc5 63. Ra5+ Kc6 64. Rxa4 1-0

[Event "?"]
[Site "ICS rated blitz match, 164.58"]
[Date "1997.??.??"]
[Round "?"]
[White "Brause"]
[Black "oldtimer"]
[Result "0-1"]
[WhiteElo "2280"]
[BlackElo "2185"]
[PlyCount "188"]

1. e4 e5 2. Nf3 Nc6 3. Nc3 Nf6 4. Nxe5 Nxe5 5. d4 Ng6 6. e5 Ng8 7. Bc4 d5 8.
Bxd5 c6 9. Be4 f5 10. Bf3 Bb4 11. O-O N8e7 12. Na4 O-O 13. c3 Ba5 14. b4 Bb6
15. Qb3+ Kh8 16. Nxb6 axb6 17. Re1 b5 18. Bg5 h6 19. Bd2 Nd5 20. a4 bxa4 21.
Rxa4 Rxa4 22. Qxa4 b5 23. Qc2 Be6 24. Ra1 Qd7 25. Be2 Qb7 26. g3 Ra8 27. Rd1
Nb6 28. Bh5 Ne7 29. Bf3 Ra2 30. Qb1 Qa8 31. Qc1 Kh7 32. Be1 Qa3 33. Qxa3 Rxa3
34. Rc1 Ra2 35. Bd1 Kg8 36. Kf1 Kf7 37. h3 Bc4+ 38. Kg1 Ke6 39. Bc2 Bd5 40. Kf1
Nc4 41. Bb1 Ra3 42. Ke2 Be4 43. Bxe4 fxe4 44. Rc2 Nd5 45. Bd2 Rb3 46. Be1 Rb2
47. Rxb2 Nxb2 48. f3 exf3+ 49. Kxf3 Nd1 50. Bd2 N1xc3 51. g4 Na2 52. h4 Naxb4
53. Ke4 Na6 54. h5 Nb6 55. g5 hxg5 56. Bxg5 b4 57. h6 gxh6 58. Bxh6 Nc4 59. Kd3
b3 60. Bc1 b2 61. Bxb2 Nxb2+ 62. Kc3 Na4+ 63. Kb3 Nb6 64. Kc3 Nc7 65. Kc2 Kd5
66. Kd3 Ne6 67. Ke3 Nxd4 68. e6 Nxe6 69. Kd3 Na4 70. Kd2 Nd4 71. Ke3 c5 72. Kf4
c4 73. Kg5 Ke5 74. Kg6 c3 75. Kf7 c2 76. Ke7 c1=N 77. Kf7 Nd3 78. Ke7 Nac5 79.
Kf7 Nf4 80. Ke8 Nc6 81. Kf7 Kf5 82. Kg7 Nd7 83. Kf7 Nf6 84. Kf8 Ne6+ 85. Kf7
Ng5+ 86. Kf8 Nh5 87. Ke8 Ke6 88. Kf8 Kd7 89. Kg8 Ke7 90. Kh8 Ne5 91. Kg8 Ng4
92. Kh8 Ke8 93. Kg8 Ngf6+ 94. Kh8 Nf7# 0-1

[Event "?"]
[Site "ICS rated blitz match, 164.58"]
[Date "1997.??.??"]
[Round "?"]
[White "Brause"]
[Black "reallywaki"]
[Result "1-0"]
[WhiteElo "2275"]
[BlackElo "2795"]
[PlyCount "23"]

1. e4 e5 2. Nf3 Nc6 3. Nc3 Nf6 4. Nxe5 Nxe5 5. d4 Ng6 6. e5 Ng8 7. Bc4 c6 8.
Qe2 Qe7 9. Ne4 d5 10. exd6 Bg4 11. Qe3 Qd7 12. Nf6+ 1-0

[Event "?"]
[Site "ICS rated blitz match, 164.58"]
[Date "1997.??.??"]
[Round "?"]
[White "Brause"]
[Black "reallywaki"]
[Result "1-0"]
[WhiteElo "2275"]
[BlackElo "2790"]
[PlyCount "63"]

1. e4 e5 2. Nf3 Nc6 3. Nc3 Nf6 4. Nxe5 Nxe5 5. d4 Nc6 6. d5 Ne7 7. e5 Nfxd5 8.
Nxd5 Nxd5 9. Qxd5 d6 10. Bc4 Be6 11. Qxb7 Bxc4 12. Qc6+ Qd7 13. Qxa8+ Ke7 14.
Bg5+ f6 15. exf6+ gxf6 16. Qe4+ Qe6 17. Qxe6+ Kxe6 18. Be3 Rg8 19. Rg1 Bd5 20.
Bxa7 c5 21. a4 Bh6 22. g3 Bf3 23. Ra3 Be4 24. Kd1 Rg5 25. Re1 Rd5+ 26. Rd3 Re5
27. f4 Bxd3 28. fxe5 Bxc2+ 29. Kxc2 fxe5 30. a5 Kd7 31. Bxc5 dxc5 32. a6 1-0

[Event "?"]
[Site "ICS rated blitz match, 164.58"]
[Date "1997.??.??"]
[Round "?"]
[White "Brause"]
[Black "Superhero"]
[Result "1-0"]
[WhiteElo "2275"]
[BlackElo "2805"]
[PlyCount "21"]

1. e4 e5 2. Nf3 Nc6 3. Nc3 Nf6 4. Nxe5 Nxe5 5. d4 Nc6 6. d5 Ne5 7. f4 Ng6 8. e5
Nh5 9. Qxh5 Qh4+ 10. Qxh4 Nxh4 11. Nb5 1-0

[Event "?"]
[Site "ICS rated blitz match, 164.58"]
[Date "1997.??.??"]
[Round "?"]
[White "Brause"]
[Black "asset"]
[Result "1-0"]
[WhiteElo "2275"]
[BlackElo "2240"]
[PlyCount "41"]

1. e4 e5 2. Nf3 Nc6 3. Nc3 Nf6 4. Nxe5 Nxe5 5. d4 Neg4 6. e5 Bb4 7. exf6 gxf6
8. Qxg4 Qe7+ 9. Be2 d6 10. Qg7 Rf8 11. Bh6 Bxc3+ 12. bxc3 Qe4 13. Qxf8+ Kd7 14.
Qxf7+ Kc6 15. d5+ Kc5 16. Qxc7+ Kxd5 17. O-O-O+ Ke5 18. Qxd6+ Kf5 19. Rd5+ Kg6
20. Bh5+ Kxh6 21. Qf8# 1-0

[Event "?"]
[Site "ICS rated blitz match, 164.58"]
[Date "1997.??.??"]
[Round "?"]
[White "Brause"]
[Black "columbus"]
[Result "1-0"]
[WhiteElo "2285"]
[BlackElo "1920"]
[PlyCount "33"]

1. e4 e5 2. Nf3 Nc6 3. Nc3 Nf6 4. Nxe5 Nxe5 5. d4 Nxe4 6. Nxe4 Nc6 7. d5 Ne5 8.
Be2 d6 9. f4 Ng6 10. O-O Bf5 11. Qd4 Bxe4 12. Qxe4+ Qe7 13. Qa4+ Kd8 14. Re1
Qf6 15. Qe8+ Kxe8 16. Bb5+ Kd8 17. Re8# 1-0

[Event "?"]
[Site "ICS rated blitz match, 164.58"]
[Date "1997.??.??"]
[Round "?"]
[White "Brause"]
[Black "jos"]
[Result "1-0"]
[WhiteElo "2285"]
[BlackElo "2270"]
[PlyCount "135"]

1. e4 e5 2. Nf3 Nc6 3. Nc3 Nf6 4. Nxe5 Nxe5 5. d4 Nc6 6. d5 Ne5 7. f4 Ng6 8. e5
Ng8 9. d6 cxd6 10. exd6 Qh4+ 11. g3 Qf6 12. Nb5 Qe6+ 13. Kf2 Bxd6 14. Nxd6+ Kf8
15. Bc4 Qf6 16. Nxf7 N8e7 17. Nxh8 Nxh8 18. Qd3 Nhg6 19. Re1 d6 20. Qe4 Ne5 21.
Bb3 g6 22. Bd2 Ng4+ 23. Kg1 d5 24. Qb4 a5 25. Qc5 b6 26. Qc3 Bf5 27. Qxf6+ Nxf6
28. Re5 Nd7 29. Re2 Nc5 30. Rae1 Nxb3 31. axb3 Nc6 32. c3 Bg4 33. Rf2 Re8 34.
Rxe8+ Kxe8 35. Be3 b5 36. Rf1 Bf5 37. Rd1 Be6 38. Bb6 d4 39. Bxd4 Bxb3 40. Rd2
a4 41. Bc5 Nd8 42. Kf2 Bc4 43. Ke3 Ne6 44. Bd6 Nd8 45. Ke4 Ne6 46. Ke5 Ng7 47.
g4 Ne6 48. Kf6 Kd7 49. f5 gxf5 50. gxf5 Nc7 51. Bxc7+ Kxc7 52. Kg7 Kb6 53. Kxh7
Kc5 54. f6 Kb6 55. Kg7 b4 56. cxb4 Kb5 57. f7 Bxf7 58. Kxf7 Kc4 59. h4 Kxb4 60.
h5 a3 61. bxa3+ Kxa3 62. h6 Ka4 63. h7 Kb4 64. h8=Q Kb5 65. Qc3 Ka4 66. Ra2+
Kb5 67. Rb2+ Ka4 68. Qb4# 1-0

[Event "?"]
[Site "ICS rated blitz match, 164.58"]
[Date "1997.??.??"]
[Round "?"]
[White "Brause"]
[Black "Xenocide"]
[Result "1-0"]
[WhiteElo "2285"]
[BlackElo "2365"]
[PlyCount "76"]

1. e4 Nf6 2. Nc3 e5 3. Nf3 Nc6 4. Nxe5 Nxe5 5. d4 Ng6 6. e5 Ng8 7. Bc4 d6 8.
Qf3 Qd7 9. O-O dxe5 10. dxe5 Nxe5 11. Re1 Bd6 12. Bf4 f6 13. Bb5 c6 14. Rad1
Qe6 15. Qg3 Kf8 16. Bxe5 Bxe5 17. f4 cxb5 18. fxe5 Qb6+ 19. Re3 Bf5 20. Rd6 Qc5
21. Rd5 Qc7 22. Nxb5 Qxc2 23. exf6 Nxf6 24. Nd4 Qb1+ 25. Re1 Qxe1+ 26. Qxe1
Nxd5 27. Nxf5 Rd8 28. Qe6 Rg8 29. Nd6 Rxd6 30. Qxd6+ Ne7 31. Qb8+ Kf7 32. Qxa7
b5 33. Qf2+ Ke6 34. Qb6+ Ke5 35. Qxb5+ Nd5 36. Qe2+ Kd6 37. Qd3 h6 38. a4 h5
1-0

[Event "?"]
[Site "ICS rated blitz match, 164.58"]
[Date "1997.??.??"]
[Round "?"]
[White "Brause"]
[Black "LightViolet"]
[Result "1/2-1/2"]
[WhiteElo "2290"]
[BlackElo "2570"]
[PlyCount "259"]

1. e4 e5 2. Nf3 Nc6 3. Nc3 Nf6 4. Nxe5 Nxe5 5. d4 Nc6 6. d5 Nb4 7. a3 Na6 8. e5
Ng8 9. Qf3 Nb8 10. Bd3 d6 11. Qe4 dxe5 12. Qxe5+ Qe7 13. Bf4 Qxe5+ 14. Bxe5 Nf6
15. Bxc7 Bc5 16. O-O O-O 17. Rfb1 Bd7 18. Rd1 Bg4 19. Re1 Nbd7 20. h3 Rac8 21.
Bf4 Bh5 22. Bb5 Bg6 23. Ba4 Rfe8 24. Red1 a6 25. Rd2 b5 26. Bb3 Ne4 27. Nxe4
Rxe4 28. Bg3 Rce8 29. Kf1 Bh5 30. a4 Re2 31. Rad1 Nf6 32. f3 Rxd2 33. Rxd2 Kf8
34. axb5 axb5 35. Bf4 Nd7 36. h4 f5 37. c3 g6 38. d6 Be3 39. Bxe3 Rxe3 40. Bd1
f4 41. Rd4 Kg7 42. Be2 Re5 43. Rxf4 g5 44. hxg5 Bf7 45. Rg4 Rd5 46. g3 Rxd6 47.
Rb4 Rd2 48. Ke1 Rxe2+ 49. Kxe2 Bc4+ 50. Ke3 Nc5 51. b3 Nxb3 52. f4 Kg6 53. g4
Kf7 54. f5 Ke7 55. Kf3 Kd6 56. Ke4 Nc5+ 57. Ke3 Ke5 58. f6 Ne6 59. f7 Kd6 60.
Rb2 Ke7 61. Rf2 Kf8 62. Rf5 Ng7 63. Rf6 Bxf7 64. Ra6 Be8 65. Ra7 Bc6 66. Kf4
Bd5 67. Rd7 Bc6 68. Rd6 Be8 69. Ke5 Ke7 70. Rb6 Kf8 71. Kd6 Kf7 72. Rb7+ Kg6
73. Ke5 Bf7 74. Rxb5 Kxg5 75. Rb7 Kg6 76. Rb4 h5 77. gxh5+ Nxh5 78. Rg4+ Kh6
79. c4 Bxc4 80. Rxc4 Kg5 81. Rc1 Nf6 82. Rg1+ Ng4+ 83. Ke4 Kh5 84. Kf4 Nf2 85.
Kf5 Nh3 86. Rg7 Kh4 87. Rg4+ Kh5 88. Rg8 Kh4 89. Rg2 Kh5 90. Rg4 Nf2 91. Rd4
Nh3 92. Re4 Ng5 93. Re3 Kh4 94. Rd3 Nf7 95. Rd7 Nh6+ 96. Kf4 Kh5 97. Rg7 Kh4
98. Rg1 Kh5 99. Rg5+ Kh4 100. Re5 Ng4 101. Rc5 Nf6 102. Rf5 Nh5+ 103. Kf3 Ng3
104. Rf4+ Kh3 105. Rf6 Kh4 106. Rg6 Nh5 107. Rg4+ Kh3 108. Rg1 Kh4 109. Rg6 Kh3
110. Ke4 Ng3+ 111. Ke5 Kh4 112. Rg8 Nh5 113. Rg1 Ng3 114. Rg2 Kg4 115. Rf2 Kg5
116. Rf4 Nh5 117. Rf7 Ng3 118. Rg7+ Kh4 119. Rg6 Nh5 120. Rg2 Ng3 121. Kf4 Nh5+
122. Ke3 Nf6 123. Rg7 Nd5+ 124. Ke4 Nc3+ 125. Ke5 Kh3 126. Rc7 Ne2 127. Ke4
Ng3+ 128. Kf3 Kh4 129. Rc4+ Kh3 130. Kf4 1/2-1/2

[Event "?"]
[Site "ICS rated blitz match, 164.58"]
[Date "1997.??.??"]
[Round "?"]
[White "Brause"]
[Black "RoboCob"]
[Result "1-0"]
[WhiteElo "2290"]
[BlackElo "2340"]
[PlyCount "103"]

1. e4 e5 2. Nf3 Nc6 3. Nc3 Nf6 4. Nxe5 Nxe5 5. d4 Ng6 6. e5 Ng8 7. Bc4 Bb4 8.
Qf3 Qe7 9. O-O Bxc3 10. bxc3 Rb8 11. Re1 b5 12. Rb1 a6 13. Qg3 Bb7 14. Bg5 Qf8
15. e6 fxe6 16. Bxe6 dxe6 17. Qxc7 Rc8 18. Rxe6+ N8e7 19. Qxb7 Kf7 20. Bxe7
Nxe7 21. Rbe1 Re8 22. R6e3 Kg8 23. Rxe7 Rd8 24. Qc6 Qf6 25. Re8+ Kf7 26. R8e6
Ra8 27. Rxf6+ gxf6 28. Re3 Rhe8 29. Qd7+ Kf8 30. Qxh7 Rxe3 31. fxe3 Re8 32. Qf5
Kf7 33. Kf2 Rd8 34. Qc5 Rd7 35. c4 bxc4 36. Qxc4+ Ke7 37. Qxa6 Rd5 38. Qb7+ Kd6
39. c4 Rf5+ 40. Ke1 Rh5 41. c5+ Ke6 42. d5+ Kf5 43. Qd7+ Ke4 44. Qg4+ Kxd5 45.
Qxh5+ Ke6 46. Qe8+ Kd5 47. c6 Kd6 48. Qd7+ Ke5 49. c7 f5 50. c8=Q Kf6 51. Qxf5+
Ke7 52. Qcf8# 1-0

[Event "?"]
[Site "ICS rated blitz match, 164.58"]
[Date "1997.??.??"]
[Round "?"]
[White "Brause"]
[Black "jos"]
[Result "1-0"]
[WhiteElo "2280"]
[BlackElo "2265"]
[PlyCount "95"]

1. e4 e5 2. Nf3 Nc6 3. Nc3 Nf6 4. Nxe5 Nxe5 5. d4 Nc6 6. d5 Ne5 7. f4 Ng6 8. e5
Ng8 9. d6 cxd6 10. exd6 Qh4+ 11. g3 Qf6 12. Nb5 Qe6+ 13. Kf2 Bxd6 14. Nxd6+ Kf8
15. Bc4 Qf6 16. Nxf7 N8e7 17. Nxh8 Nxh8 18. Qd3 Nhg6 19. Re1 d6 20. Qe4 Ne5 21.
Bf1 N5g6 22. Kg1 d5 23. Qb4 Kg8 24. Be3 Nc6 25. Qb3 Kh8 26. Bc5 Nge7 27. Qe3
Ng8 28. Qc1 b6 29. Be3 Bf5 30. Rd1 d4 31. Bf2 Nge7 32. Bg2 Rc8 33. Qd2 Qf7 34.
Re1 Be6 35. Rac1 Bxa2 36. Bh3 Rd8 37. b3 Qh5 38. Bg2 Qb5 39. Re6 Qc5 40. Rce1
g5 41. fxg5 Rd7 42. Qf4 Kg8 43. Rxc6 Qxc6 44. Bxc6 Rd8 45. Rxe7 Bxb3 46. cxb3
h6 47. Qf7+ Kh8 48. Qh7# 1-0

[Event "?"]
[Site "ICS rated blitz match, 164.58"]
[Date "1997.??.??"]
[Round "?"]
[White "Brause"]
[Black "pretzelboy"]
[Result "1-0"]
[WhiteElo "2285"]
[BlackElo "1625"]
[PlyCount "71"]

1. e4 e5 2. Nf3 Nc6 3. Nc3 Nf6 4. Nxe5 Nxe5 5. d4 Nc6 6. d5 Ne5 7. f4 Ng6 8. e5
Ng8 9. d6 cxd6 10. exd6 a6 11. Qe2+ N8e7 12. Be3 Qa5 13. O-O-O b5 14. Nd5 Bb7
15. Bb6 Qxa2 16. Nc7+ Kd8 17. f5 Qa1+ 18. Kd2 Qxb2 19. Nxa8+ Kc8 20. Bc5 Bxa8
21. dxe7 Bxe7 22. Bxe7 Nxe7 23. Qxe7 Qd4+ 24. Ke1 Qc3+ 25. Rd2 Qa1+ 26. Kf2 Qa5
27. Qxd7+ Kb8 28. Qd6+ Kc8 29. Be2 Rd8 30. Qc5+ Kb8 31. Qe5+ Kc8 32. Rxd8+ Qxd8
33. Qxg7 Qb6+ 34. Kf1 b4 35. Qf8+ Kb7 36. Bf3+ 1-0

[Event "?"]
[Site "ICS rated blitz match, 164.58"]
[Date "1997.??.??"]
[Round "?"]
[White "Brause"]
[Black "MrCool"]
[Result "1-0"]
[WhiteElo "2280"]
[BlackElo "1950"]
[PlyCount "28"]

1. e4 e5 2. Nf3 Nc6 3. Nc3 Nf6 4. Nxe5 Nxe5 5. d4 Ng6 6. e5 Ng8 7. Bc4 Bb4 8.
Qf3 Qe7 9. O-O Bxc3 10. bxc3 h6 11. Ba3 d6 12. exd6 cxd6 13. Rae1 Be6 14. d5
Ne5 1-0

[Event "?"]
[Site "ICS rated blitz match, 164.58"]
[Date "1997.??.??"]
[Round "?"]
[White "Brause"]
[Black "MrCool"]
[Result "1-0"]
[WhiteElo "2285"]
[BlackElo "1940"]
[PlyCount "25"]

1. e4 e5 2. Nf3 Nc6 3. Nc3 Nf6 4. Nxe5 Nxe5 5. d4 Ng6 6. e5 Ng8 7. Bc4 f6 8.
Qh5 d6 9. Bd3 N8e7 10. exf6 gxf6 11. Be3 Be6 12. Qf3 Nc6 13. Qe4 1-0

[Event "?"]
[Site "ICS rated blitz match, 164.58"]
[Date "1997.??.??"]
[Round "?"]
[White "Brause"]
[Black "MrCool"]
[Result "1-0"]
[WhiteElo "2290"]
[BlackElo "1935"]
[PlyCount "43"]

1. e4 e5 2. Nf3 Nc6 3. Nc3 Nf6 4. Nxe5 Nxe5 5. d4 Ng6 6. e5 Ng8 7. Bc4 Bb4 8.
Qf3 Qe7 9. O-O Bxc3 10. bxc3 f6 11. exf6 Nxf6 12. Bg5 Kd8 13. Rfe1 Qd6 14. Re4
b6 15. Rf4 Nxf4 16. Qxa8 h6 17. Bxf6+ Qxf6 18. Ba6 Ke7 19. Bxc8 Ne2+ 20. Kf1
Nxc3 21. Re1+ Kf7 22. Re3 1-0

[Event "?"]
[Site "ICS rated blitz match, 164.58"]
[Date "1997.??.??"]
[Round "?"]
[White "Brause"]
[Black "MrCool"]
[Result "1-0"]
[WhiteElo "2290"]
[BlackElo "1930"]
[PlyCount "45"]

1. e4 e5 2. Nf3 Nc6 3. Nc3 Nf6 4. Nxe5 Nxe5 5. d4 Ng6 6. e5 Ng8 7. Bc4 Bb4 8.
Qf3 Qe7 9. O-O Bxc3 10. bxc3 f6 11. exf6 Nxf6 12. Bg5 Kd8 13. Rfe1 Qd6 14. Re4
h6 15. Bxf6+ Qxf6 16. Qxf6+ gxf6 17. Bf7 f5 18. Re3 Nf4 19. Rae1 d6 20. h4 c6
21. Re8+ Rxe8 22. Rxe8+ Kc7 23. c4 1-0

[Event "?"]
[Site "ICS rated blitz match, 164.58"]
[Date "1997.??.??"]
[Round "?"]
[White "Brause"]
[Black "MrCool"]
[Result "1-0"]
[WhiteElo "2295"]
[BlackElo "1925"]
[PlyCount "47"]

1. e4 e5 2. Nf3 Nc6 3. Nc3 Nf6 4. Nxe5 Nxe5 5. d4 Ng6 6. e5 Ng8 7. Bc4 Bb4 8.
Qf3 Qe7 9. O-O Bxc3 10. bxc3 f6 11. exf6 Nxf6 12. Bg5 Kd8 13. Rfe1 Qd6 14. Re4
h6 15. Bxf6+ Qxf6 16. Qe3 d6 17. Qe2 Bf5 18. Re3 c6 19. Re1 d5 20. Bd3 Bxd3 21.
cxd3 Nf4 22. Re8+ Kc7 23. Re7+ Kd6 24. Qg4 1-0

[Event "?"]
[Site "ICS rated blitz match, 164.58"]
[Date "1997.??.??"]
[Round "?"]
[White "Brause"]
[Black "Victoria"]
[Result "1-0"]
[WhiteElo "2300"]
[BlackElo "1850"]
[PlyCount "49"]

1. e4 e5 2. Nf3 Nc6 3. Nc3 Nf6 4. Nxe5 Nxe5 5. d4 Nc6 6. d5 Ne5 7. f4 Ng6 8. e5
Ng8 9. d6 cxd6 10. exd6 Qb6 11. Qe2+ Kd8 12. f5 Qxd6 13. fxg6 Qxg6 14. Bd2 Qxc2
15. Bg5+ f6 16. Bxf6+ Nxf6 17. Qxc2 Bb4 18. O-O-O Bxc3 19. Qxc3 d5 20. Qe5 Re8
21. Qd6+ Bd7 22. Bb5 Rc8+ 23. Kb1 Re6 24. Qf8+ Kc7 25. Qxg7 1-0

[Event "?"]
[Site "ICS rated blitz match, 164.58"]
[Date "1997.??.??"]
[Round "?"]
[White "Brause"]
[Black "oldtimer"]
[Result "0-1"]
[WhiteElo "2300"]
[BlackElo "2125"]
[PlyCount "96"]

1. e4 e5 2. Nf3 Nc6 3. Nc3 Nf6 4. Nxe5 Nxe5 5. d4 Ng6 6. e5 Ng8 7. Bc4 d5 8.
Bxd5 c6 9. Be4 f5 10. Bf3 Bb4 11. O-O N8e7 12. Na4 O-O 13. c3 Ba5 14. b4 Bb6
15. Qb3+ Kh8 16. Nxb6 axb6 17. Re1 b5 18. Bg5 h6 19. Bd2 Nd5 20. a4 bxa4 21.
Rxa4 Rxa4 22. Qxa4 b5 23. Qc2 Be6 24. Ra1 Qd7 25. g3 Nge7 26. Qc1 Kh7 27. Bg2
Qb7 28. Rb1 Ra8 29. Qc2 Nb6 30. Rd1 Qa6 31. Qd3 Qa2 32. Be1 Qc4 33. Qe3 Nbd5
34. Qf3 Ra2 35. Bf1 Qb3 36. Bd3 Kg8 37. Rc1 Nb6 38. Qh5 Bf7 39. Qh4 Qe6 40.
Bxf5 Qxf5 41. Qxe7 Bd5 42. Qh4 Qf3 43. Qd8+ Kh7 44. Qxd5 Nxd5 45. Rc2 Rxc2 46.
Bd2 Rxd2 47. h3 Rd1+ 48. Kh2 Rh1# 0-1

[Event "?"]
[Site "ICS rated blitz match, 164.58"]
[Date "1997.??.??"]
[Round "?"]
[White "Brause"]
[Black "oldtimer"]
[Result "1-0"]
[WhiteElo "2290"]
[BlackElo "2140"]
[PlyCount "101"]

1. e4 e5 2. Nf3 Nc6 3. Nc3 Nf6 4. Nxe5 Nxe5 5. d4 Ng6 6. e5 Ng8 7. Bc4 d5 8.
Bxd5 c6 9. Be4 f5 10. Bf3 Bb4 11. O-O N8e7 12. Ne2 O-O 13. c3 Ba5 14. b4 Bc7
15. Qb3+ Kh8 16. g3 Qe8 17. Bg5 Qf7 18. Qc2 Be6 19. Bg2 h6 20. Bxe7 Qxe7 21. b5
Bd5 22. bxc6 bxc6 23. h4 Bxg2 24. Kxg2 Qf7 25. h5 Ne7 26. Nf4 g5 27. hxg6 Nxg6
28. Qc1 Nxf4+ 29. Qxf4 Qg6 30. Rh1 Kg7 31. c4 Rae8 32. c5 Qe6 33. a3 Qd5+ 34.
Kg1 Re6 35. Rb1 Rg6 36. Rb7 Rf7 37. Rxa7 Qe6 38. Rh4 Rg4 39. Rxg4+ fxg4 40. Qe4
h5 41. Ra6 Qa2 42. Qe3 Bd8 43. Rxc6 Qb1+ 44. Kg2 Kg8 45. Rd6 Be7 46. Rd7 Qf5
47. e6 Rg7 48. c6 Bg5 49. Rxg7+ Kxg7 50. Qe5+ Qxe5 51. dxe5 1-0

[Event "?"]
[Site "ICS rated blitz match, 164.58"]
[Date "1997.??.??"]
[Round "?"]
[White "Brause"]
[Black "oldtimer"]
[Result "0-1"]
[WhiteElo "2295"]
[BlackElo "2135"]
[PlyCount "142"]

1. e4 e5 2. Nf3 Nc6 3. Nc3 Nf6 4. Nxe5 Nxe5 5. d4 Ng6 6. e5 Ng8 7. Bc4 d5 8.
Bxd5 c6 9. Be4 f5 10. exf6 Nxf6 11. Bg5 Bb4 12. Qd3 Bxc3+ 13. bxc3 Kf7 14. O-O
Qd6 15. Bf3 Rf8 16. Rfe1 Bd7 17. Rab1 b6 18. Re2 Rfe8 19. Rxe8 Rxe8 20. Qa6 Qc7
21. Rf1 h6 22. Be3 Kg8 23. h3 Kh8 24. Rd1 Nh4 25. Qe2 Nxf3+ 26. Qxf3 Qd6 27. c4
Qe6 28. Qe2 Qf7 29. a3 Be6 30. Qf3 Rc8 31. c5 b5 32. Qg3 Bd5 33. Re1 Rf8 34. f3
Kh7 35. Qf4 Qg6 36. c3 Rf7 37. Bf2 Ng8 38. Qd6 Qxd6 39. cxd6 Rd7 40. Bg3 Bf7
41. Be5 Nf6 42. Bxf6 gxf6 43. Re7 Rxe7 44. dxe7 Kg7 45. g4 Be8 46. f4 Kf7 47.
Kf2 Kxe7 48. h4 Ke6 49. Ke3 Kd5 50. Kd3 Bd7 51. g5 fxg5 52. fxg5 hxg5 53. hxg5
Bf5+ 54. Ke3 Bh7 55. Kf4 Bg6 56. Ke3 a5 57. Ke2 a4 58. Ke3 Kc4 59. Kd2 Bh7 60.
d5 cxd5 61. Ke3 Kxc3 62. Kf4 Kd4 63. Kg4 Bg6 64. Kf4 b4 65. axb4 a3 66. Kg4 Ke3
67. Kh4 Kf3 68. b5 a2 69. Kh3 a1=Q 70. Kh2 Qf1 71. b6 Qg2# 0-1

[Event "?"]
[Site "ICS rated blitz match, 164.58"]
[Date "1997.??.??"]
[Round "?"]
[White "Brause"]
[Black "pmac"]
[Result "1-0"]
[WhiteElo "2320"]
[BlackElo "1905"]
[PlyCount "33"]

1. e4 e5 2. Nf3 Nc6 3. Nc3 Nf6 4. Nxe5 Nxe5 5. d4 Nc6 6. d5 Nb8 7. e5 Ng8 8. d6
b6 9. Qf3 Nc6 10. Nb5 cxd6 11. exd6 Be7 12. Bc4 Nf6 13. Nc7+ Kf8 14. Nxa8 Bxd6
15. Bf4 Qe7+ 16. Kf1 Bb7 17. Re1 1-0

[Event "?"]
[Site "ICS rated blitz match, 164.58"]
[Date "1997.??.??"]
[Round "?"]
[White "Brause"]
[Black "oldtimer"]
[Result "0-1"]
[WhiteElo "2320"]
[BlackElo "2145"]
[PlyCount "166"]

1. e4 e5 2. Nf3 Nc6 3. Nc3 Nf6 4. Nxe5 Nxe5 5. d4 Ng6 6. e5 Ng8 7. Bc4 d5 8.
Bxd5 c6 9. Be4 f5 10. Bf3 Bb4 11. O-O N8e7 12. Na4 O-O 13. c3 Ba5 14. b4 Bb6
15. Qb3+ Kh8 16. Nxb6 axb6 17. Re1 b5 18. Bg5 h6 19. Bd2 Nd5 20. a4 bxa4 21.
Rxa4 Rxa4 22. Qxa4 b5 23. Qd1 Be6 24. g3 Qd7 25. Qc2 Nb6 26. Bh5 Ne7 27. Qd3
Ra8 28. Bf3 Ra2 29. Bc1 Ra1 30. Rd1 Qa7 31. Bg2 Bb3 32. Re1 Qa2 33. h3 Qc2 34.
Qxc2 Bxc2 35. h4 Bb3 36. Bd2 Ra2 37. Bf4 Be6 38. Rd1 Ned5 39. Bd2 Nc4 40. Be1
Kg8 41. Bf3 Kf7 42. Rc1 Ne7 43. Bd1 Bd5 44. Bb3 Ra3 45. Bc2 Ke6 46. Bd3 Ra2 47.
Rc2 Rxc2 48. Bxc2 Be4 49. Bb3 Nd5 50. Bxc4 bxc4 51. Bd2 Bf3 52. Kh2 Nc7 53. Kg1
Kd5 54. Bc1 Ke4 55. Bb2 Kd3 56. g4 fxg4 57. e6 Nxe6 58. h5 Kc2 59. Ba3 Kxc3 60.
Bc1 Kc2 61. Be3 c3 62. Kf1 Kd1 63. Kg1 c2 64. Kf1 c1=Q 65. Bxc1 Kxc1 66. Kg1
Nxd4 67. Kh2 Ne6 68. Kg3 Kd2 69. Kh2 Ke2 70. Kg3 Kf1 71. b5 cxb5 72. Kh4 Nd4
73. Kg3 Ne2+ 74. Kh4 Nf4 75. Kg3 Nxh5+ 76. Kh4 Nf6 77. Kg3 Nd5 78. Kh2 g5 79.
Kg3 h5 80. Kh2 Ne3 81. fxe3 Kf2 82. e4 g3+ 83. Kh3 Bg4# 0-1

[Event "?"]
[Site "ICS rated blitz match, 164.58"]
[Date "1997.??.??"]
[Round "?"]
[White "Brause"]
[Black "oldtimer"]
[Result "1-0"]
[WhiteElo "2310"]
[BlackElo "2160"]
[PlyCount "125"]

1. e4 e5 2. Nf3 Nc6 3. Nc3 Nf6 4. Nxe5 Nxe5 5. d4 Ng6 6. e5 Ng8 7. Bc4 d5 8.
Bxd5 c6 9. Be4 f5 10. Bf3 Bb4 11. O-O N8e7 12. Ne2 O-O 13. c3 Ba5 14. b4 Bb6
15. Qb3+ Kh8 16. g3 Qe8 17. Bg5 Qf7 18. Qc2 Be6 19. Bg2 Bc4 20. Rfe1 Qe6 21. a4
Nd5 22. a5 Bc7 23. Rac1 b5 24. axb6 axb6 25. Rb1 Ra2 26. Rb2 Rfa8 27. Bc1 Ra1
28. Qd2 h6 29. Rc2 Bd8 30. h4 Bxe2 31. Qxe2 b5 32. Rf1 Nb6 33. Qf3 Ne7 34. Re2
Nbd5 35. Rc2 R8a2 36. Qd3 Rxc2 37. Qxc2 Nb6 38. Qd3 Qc4 39. Qf3 Qe6 40. Qd3 Nc4
41. Qc2 Bc7 42. Rd1 Nb6 43. Rd2 g6 44. Qb2 Ra8 45. Qc2 Kh7 46. Rd1 Ra2 47. Qb1
Ra8 48. Qc2 Qa2 49. Qd3 Qc4 50. Qe3 Ng8 51. Qf3 Nd5 52. Bd2 Ra2 53. h5 Nde7 54.
hxg6+ Kxg6 55. Bh3 h5 56. Bf1 Qd5 57. Qe3 Rxd2 58. Qxd2 Nh6 59. Bg2 Qc4 60. Ra1
Nd5 61. Ra7 Bd8 62. Rd7 Bg5 63. Qxg5+ 1-0